000 00587nam a2200169Ia 4500
003 GCL
008 140319s9999 xx 000 0 ara d
040 _aGCL /
_cGCL
082 0 4 _a366.1
_bس م
100 1 _aسعيد الجزائرى
245 1 0 _aالماسونية: مالها وما عليها: ماضيها وحاضرها وثائق ومعلومات تنشر لاول مرة /
_cسعيد الجزائرى
300 _a366 ص
490 _aالهيئة العامة للاستعلامات
_v0
650 0 4 _aالماسونية
650 0 4 _aالماسونيون
942 _2ddc
_cBK
999 _c49046
_d49046